Du nouveau sur la Chanson de Roland (Record no. 34738)

MARC details
000 -LEADER
campo de control de longitud fija 00640nam a2200181 i 4500
001 - NÚMERO DE CONTROL
campo de control 34738
003 - IDENTIFICADOR DE NÚMERO DE CONTROL
campo de control ES-MaACL
005 - FECHA Y HORA DE LA ÚLTIMA TRANSACCIÓN
campo de control 20230906155004.0
007 - CAMPO FIJO DE DESCRIPCIÓN FÍSICA--INFORMACIÓN GENERAL
campo de control de longitud fija t|
008 - DATOS DE LONGITUD FIJA--INFORMACIÓN GENERAL
campo de control de longitud fija 030207s1923 fr ||||1| fre d
100 1# - ENTRADA PRINCIPAL--NOMBRE DE PERSONA
Nombre de persona Boissonnade, P.
9 (RLIN) 29875
245 10 - MENCIÓN DEL TÍTULO
Título Du nouveau sur la Chanson de Roland
Resto del título : la genèse historique, le cadre géographique, le milieu, les personnages, la date et l'auteur du poème /
Mención de responsabilidad, etc. P. Boissonnade.
260 ## - PUBLICACIÓN, DISTRIBUCIÓN, ETC.
Lugar de publicación, distribución, etc. Paris :
Nombre del editor, distribuidor, etc. Honoré Champion,
Fecha de publicación, distribución, etc. 1923 (
Lugar de fabricación/manufactura Poitiers :
Fabricante Mare Fesner)
300 ## - DESCRIPCIÓN FÍSICA
Extensión VI, 520 p. ;
Dimensiones 26 cm.
630 04 - PUNTO DE ACCESO ADICIONAL DE MATERIA--TÍTULO UNIFORME
Título uniforme La Chanson de Roland.
9 (RLIN) 160538
852 ## - LOCALIZACIÓN
Ubicación ES-MaACL
Número de control de estantería C-2379
852 ## - LOCALIZACIÓN
Ubicación ES-MaACL
Número de control de estantería A-2477
Holdings
Estatus retirado Estado de pérdida Estado de daño No para préstamo Biblioteca de origen Biblioteca actual Ubicación en estantería Fecha de adquisición Fuente de adquisición Total de préstamos Signatura topográfica completa Código de barras Visto por última vez Precio de reemplazo Tipo de ítem Koha
        Biblioteca del Ateneo de Madrid Biblioteca del Ateneo de Madrid Sala Pecera Planta 1 28/02/2018     A-2477 1198434 23/02/2023 23/02/2023 Libro impreso
        Biblioteca del Ateneo de Madrid Biblioteca del Ateneo de Madrid Sala Palomar 17/01/2008     C-2379 1036252 23/02/2023 23/02/2023 Libro impreso